| Tag |
First Indicator |
Second Indicator |
Subfields |
| LEADER |
00000cas a2200000 a 4500 |
| 001 |
in00002784059 |
| 005 |
20151202172133.0 |
| 006 |
m o d |
| 007 |
cr ||||||||||| |
| 008 |
810414d19101919mauqr poo 0 0eng c |
| 010 |
|
|
|a 2010234708
|
| 019 |
|
|
|a 656664749
|
| 022 |
|
|
|y 1068-3380
|
| 029 |
1 |
|
|a AU@
|b 000043831325
|
| 029 |
1 |
|
|a AU@
|b 000044945054
|
| 029 |
1 |
|
|a NZ1
|b 13398550
|
| 029 |
1 |
|
|a NZ1
|b 13740271
|
| 029 |
1 |
|
|a AU@
|b 000045279712
|
| 035 |
|
|
|a (OCoLC)ocm61283838
|
| 035 |
|
|
|a (OCoLC)61283838
|z (OCoLC)656664749
|
| 040 |
|
|
|a QCL
|c QCL
|d OCLCQ
|d EYM
|d HUL
|d MYG
|d OCLCE
|d DOS
|d OCLCQ
|d TXA
|d UtOrBLW
|
| 042 |
|
|
|a pcc
|
| 049 |
|
|
|a TXAM
|
| 050 |
1 |
4 |
|a JZ6.5
|b .J685 Electronic
|
| 082 |
1 |
4 |
|a 327
|2 12
|
| 130 |
0 |
|
|a Journal of race development (Online)
|
| 245 |
1 |
4 |
|a The journal of race development.
|
| 246 |
1 |
|
|a J. Race Dev.
|
| 264 |
|
1 |
|a Worcester, Mass. :
|b Clark University,
|c 1910-1919.
|
| 310 |
|
|
|a Quarterly
|
| 336 |
|
|
|a text
|b txt
|2 rdacontent
|
| 337 |
|
|
|a computer
|b c
|2 rdamedia
|
| 338 |
|
|
|a online resource
|b cr
|2 rdacarrier
|
| 362 |
0 |
|
|a Vol. 1, no. 1 (July 1910)-v. 9, no. 4 (Apr. 1919).
|
| 588 |
|
|
|a Description based on: Vol. 1, no. 1 (July 1910); title from volume title page (JSTOR, viewed June 16, 2010).
|
| 588 |
|
|
|a Final issue consulted: Vol.9, no. 4 (Apr. 1919).
|
| 500 |
|
|
|a Electronic resource.
|
| 650 |
|
0 |
|a Race relations
|v Periodicals.
|
| 650 |
|
0 |
|a International relations
|v Periodicals.
|
| 650 |
|
0 |
|a History, Modern
|v Periodicals.
|
| 710 |
2 |
|
|a Clark University (Worcester, Mass.)
|
| 776 |
0 |
8 |
|i Also issued in print:
|t Journal of race development
|x 1068-3380
|w (DLC)sn 93002447
|w (OCoLC)7333515
|
| 785 |
0 |
0 |
|t Journal of international relations (Clark University (Worcester, Mass.) : Online)
|w (OCoLC)61677428
|w (DLC) 2010234707
|
| 948 |
|
|
|a cataloged
|b h
|c 2012/12/18
|d c
|e spoltoratski
|f 2:39:24 pm
|g sc
|
| 994 |
|
|
|a C0
|b TXA
|
| 999 |
|
|
|a MARS
|
| 999 |
f |
f |
|s ef03d63d-698b-3113-9701-d2a37e48a7a6
|i 25bb721f-3a7b-3f12-9ffe-621941661b6a
|t 0
|
| 952 |
f |
f |
|a Texas A&M University
|b College Station
|c Electronic Resources
|d Available Online
|t 0
|e JZ6.5 .J685
|g Electronic
|h Library of Congress classification
|
| 998 |
f |
f |
|a JZ6.5 .J685
|t 0
|l Available Online
|